000
00288nam a22001337a 4500
003
SGT
082
_a
AHS 275
100
_a
AHSAN,ZAFAR
245
_a
TENSORS: MATHEMATICS OF DIFFERENTIAL
260
_a
NEW DELHI
_b
PHI
_c
2015
300
_a
232
650
_a
MATHEMATICS
942
_2
ddc
_c
FPS
999
_c
10116
_d
10116